00463nam a2200193 a 4500001001300000003000900013005001700022008004100039020001000080082001500090100001500105245001400120260002700134300000800161500003500169505003100204650001900235700001500254nice12345678IN_TiNIC20260116011337.0050524s1883 beia grp 000 0 ara  ac10000a242.7bHAF aHafarkan,  aMakhaddat aBeirutbHafarkanc1883 a00p aincludes index and biblioraphy2 aNotes, Bibliography, Index aMissions-China1 aHafarkan,